Central Library OPAC University of Rajshahi

উত্তম পুরুষ / (Record no. 43886)

MARC details
000 -LEADER
fixed length control field 00719nam a2200217 a 4500
001 - CONTROL NUMBER
control field 43886
003 - CONTROL NUMBER IDENTIFIER
rucl marc code BD-RjUL
005 - DATE AND TIME OF LATEST TRANSACTION
control field 20211209053752.0
008 - FIXED-LENGTH DATA ELEMENTS--GENERAL INFORMATION
fixed length control field 160628m1962 bg ||||| |||| 00| 0 ben d
035 ## - SYSTEM CONTROL NUMBER
System control number (BD-RjUL)43998
040 ## - CATALOGING SOURCE
Original cataloging agency BD-RjUL
Language of cataloging ben
Transcribing agency BD-RjUL
041 ## - LANGUAGE CODE
Language code of text/sound track or separate title ben
082 ## - DEWEY DECIMAL CLASSIFICATION NUMBER
Edition number 23
Classification number 891.443
Author mark and year KAU 1962
100 ## - MAIN ENTRY--PERSONAL NAME
Personal name করীম, রশীদ.
9 (RLIN) 134857
245 ## - TITLE STATEMENT
Title উত্তম পুরুষ /
Statement of responsibility, etc. রশীদ করীম.
260 ## - PUBLICATION, DISTRIBUTION, ETC. (IMPRINT)
Place of publication, distribution, etc. ঢাকা :
Name of publisher, distributor, etc. আনিস ব্রাদার্স,
Date of publication, distribution, etc. ১৯৬২ [১৩৬৯]
300 ## - PHYSICAL DESCRIPTION
Pagination ২১৭ পৃ. ;
Size ২০ সেমি.
650 ## - SUBJECT ADDED ENTRY--TOPICAL TERM
Topical term or geographic name as entry element বাংলা উপন্যাস
9 (RLIN) 134858
Topical term or geographic name as entry element Bengali Fiction
9 (RLIN) 134859
942 ## - ADDED ENTRY ELEMENTS (KOHA)
Source of classification or shelving scheme Dewey Decimal Classification
Koha item type Books
Holdings
Lost status Source of classification or shelving scheme Damaged status Not for loan Collection code Permanent Location Current Location Date acquired Source of acquisition Cost, normal purchase price Full call number Date last seen Copy number Koha item type Shelving location Total Checkouts
  Dewey Decimal Classification     Fiction Central Library, University of Rajshahi Central Library, University of Rajshahi 17/07/1968 Nawroj Kitabistan 8.00 B 891.443 KAU 1962 28/06/2016 C-2 Books    
  Dewey Decimal Classification     Non-fiction Central Library, University of Rajshahi Central Library, University of Rajshahi 18/01/1965 Ideal Library, Dhaka 8.00 B 891.443 KAU 1962 17/07/2016 C-3 Books